| 000 | 01004cam a2200253 a 4500 | ||
|---|---|---|---|
| 020 | _a0470221534 (USA only) | ||
| 020 | _a0582215846 | ||
| 022 | _a0582 21584 6 | ||
| 082 | 0 | 0 |
_a531/.32 _bNEW _cN-01, P-101 |
| 100 | 1 |
_aNewland, D. E. _942895 |
|
| 245 | 1 | 3 |
_aAn introduction to random vibrations, spectral and wavelet analysis / _cD.E. Newland. |
| 250 | _a3rd ed. | ||
| 260 |
_aHarlow, Essex, England : _bLongman Scientific & Technical ; _aNew York : _bWiley, _cc1993. |
||
| 300 |
_axxix, 477 p. : _bill. ; _c24 cm. |
||
| 500 | _aCompanion to: Mechanical vibration analysis and computation. | ||
| 500 | _aPrevious edition published under title: An introduction to random vibrations and spectral analysis. | ||
| 526 |
_a0 _b0 _c0 _d531_320000000000000_NEW |
||
| 650 | 0 |
_aRandom vibration. _942896 |
|
| 650 | 0 |
_aSpectral theory (Mathematics) _xData processing. _942897 |
|
| 650 | 0 |
_aWavelets (Mathematics) _910608 |
|
| 700 | 1 |
_aNewland, D.E. _942898 |
|
| 700 | 1 |
_aNewland, D.E. _942898 |
|
| 942 |
_2ddc _cBK |
||
| 999 |
_c546715 _d546715 |
||